Riadený proces výroby modelov starnutého papiera v hermeticky uzavretom reaktore + CD-ROM

Saved in:
Bibliographic Details
Main Author: Repová, Martina
Format: Book
Language:Slovak
Published: Bratislava STU v Bratislave FCHPT 2005
Online Access:View in OPAC
Tags: Add Tag
No Tags, Be the first to tag this record!

MARC

LEADER 00000nam a2200000 a 4500
005 20260127134224.0
008 050621 2005 xo 000 0 slo d
035 |a vtls008161662 
039 9 |y 200506211114  |z mschk03 
040 |a STUSCHK1  |b slo  |c STUSCHK1  |e AACR2 
100 1 |a Repová, Martina 
245 1 |a Riadený proces výroby modelov starnutého papiera v hermeticky uzavretom reaktore  |b + CD-ROM 
260 |a Bratislava  |b STU v Bratislave FCHPT  |c 2005 
300 |a 98 s. 
500 |a Obháj.: 7.6.2005 
500 |a Špec.: Chemická technológia dreva, celulózy a papiera 
910 |a SCHK95 
999 |c 7105  |d 7105